Southville International School and Colleges
Your cart is empty.
  • Cart
  • Lists
    Public lists Eva Luna New books Lux_list list_1
    Your lists Log in to create your own lists
  • Log in to your account
  • Your cookies
  • Search history
Southville International School and Colleges
  • Advanced search
  • Recent comments
  • Most popular
  • Libraries

Log in to your account

Log in with GOOGLE


If you do not have an external account, but do have a local account, you can still log in:

  1. Home
  2. MARC view: Study and thinking skills :
Normal view MARC view ISBD view

Study and thinking skills : (Record no. 276035)

[ view plain ]
MARC details
000 -LEADER
fixed length control field 00588nam a22001697a 4500
005 - DATE AND TIME OF LATEST TRANSACTION
control field 20141008110737.0
008 - FIXED-LENGTH DATA ELEMENTS--GENERAL INFORMATION
fixed length control field 141008b xxu||||| |||| 00| 0 eng d
020 ## - INTERNATIONAL STANDARD BOOK NUMBER
International Standard Book Number 9789715848725
050 ## - LIBRARY OF CONGRESS CALL NUMBER
Classification number PE 1130
Item number .B186 2009
100 ## - MAIN ENTRY--PERSONAL NAME
Personal name Balinas, Elvira S.
245 ## - TITLE STATEMENT
Title Study and thinking skills :
Remainder of title an English skill text for general communication task /
Statement of responsibility, etc Elvira S. Balinas.
260 ## - PUBLICATION, DISTRIBUTION, ETC. (IMPRINT)
Place of publication, distribution, etc Quezon City, Philippines :
Name of publisher, distributor, etc C & E Publishing, Inc.,
Date of publication, distribution, etc c2009.
300 ## - PHYSICAL DESCRIPTION
Extent 240 pages :
Other physical details illustrations ;
Dimensions 25 cm.
650 ## - SUBJECT ADDED ENTRY--TOPICAL TERM
Topical term or geographic name as entry element English skills.
650 ## - SUBJECT ADDED ENTRY--TOPICAL TERM
Topical term or geographic name as entry element Communication skills.
942 ## - ADDED ENTRY ELEMENTS (KOHA)
Source of classification or shelving scheme Library of Congress Classification
Koha item type Books
Call number prefix Local
Holdings
Withdrawn status Lost status Source of classification or shelving scheme Damaged status Home library Current library Shelving location Date acquired Source of acquisition Total Checkouts Full call number Barcode Date last seen Price effective from Koha item type
    Library of Congress Classification   College Library College Library General Circulation Section 10/08/2014 Library Fund   PE 1130 .B186 2009 C18772 05/15/2018 10/08/2014 Books

Study and thinking skills :

APA

Balinas E. S., . (2009). Study and thinking skills. Quezon City, Philippines: C & E Publishing, Inc.

Chicago

Balinas Elvira S, . 2009. Study and thinking skills. Quezon City, Philippines: C & E Publishing, Inc.

Harvard

Balinas E. S., . (2009). Study and thinking skills. Quezon City, Philippines: C & E Publishing, Inc.

MLA

Balinas Elvira S, . Study and thinking skills. Quezon City, Philippines: C & E Publishing, Inc. 2009.

  • Place hold
  • Print
  • Cite
  • Add to your cart (remove)
  • Save record
    BIBTEX Dublin Core MARCXML MARC (non-Unicode/MARC-8) MARC (Unicode/UTF-8) MARC (Unicode/UTF-8, Standard) MODS (XML) RIS
  • More searches
    Search for this title in:
    Other Libraries (WorldCat) Other Databases (Google Scholar) Online Stores (Bookfinder.com) Open Library (openlibrary.org)

Exporting to Dublin Core...

SOUTHVILLE LIBRARY

Southville International School and Colleges Library

1281 Tropical Ave. Cor. Luxembourg St., BF Homes International, Las Pinas City

Tel. No. 8256374 / 252358 Loc. 117/146

Powered by Koha